|
|
|
|
| LEADER |
00994nam a2200277 i 4500 |
| 001 |
c000320479 |
| 003 |
CARM |
| 005 |
00000000000000.0 |
| 008 |
750331s1975 mau b 00110 eng |
| 019 |
1 |
|
|a 383046
|5 LACONCORD2021
|
| 020 |
|
|
|a 0669998877
|
| 035 |
|
|
|a (OCoLC)1912140
|5 LACONCORD2021
|
| 043 |
|
|
|a n-us---
|
| 050 |
0 |
0 |
|a HD8008
|b .S4
|
| 100 |
1 |
|
|a Seidman, Laurence S.
|
| 245 |
1 |
4 |
|a The design of Federal employment programs /
|c Laurence S. Seidman.
|
| 260 |
|
|
|a Lexington, Mass. :
|b Lexington Books,
|c [1975]
|
| 300 |
|
|
|a xvii, 202 p. ;
|c 24 cm.
|
| 500 |
|
|
|a Includes index.
|
| 504 |
|
|
|a Bibliography: p. 197-200.
|
| 650 |
|
0 |
|a Manpower policy
|z United States.
|
| 651 |
|
0 |
|a United States
|x Officials and employees.
|
| 852 |
8 |
|
|b CARM
|h A1:AL10C0
|i C10384
|p 0446468
|f BK
|
| 082 |
0 |
4 |
|a 331.1/1/0973
|
| 999 |
f |
f |
|i 4c8257ab-2f1e-51bb-941b-a995b9843613
|s 72de0e3c-7441-5bae-8494-841153636463
|
| 952 |
f |
f |
|p Can circulate
|a CAVAL
|b CAVAL
|c CAVAL
|d CARM 1 Store
|e C10384
|f A1:AL10C0
|h Other scheme
|i book
|m 0446468
|